Fugitive of Empire (Record no. 43182)

MARC details
000 -LEADER
fixed length control field 00433nam a22001697a 4500
005 - DATE AND TIME OF LATEST TRANSACTION
control field 20250104170711.0
008 - FIXED-LENGTH DATA ELEMENTS--GENERAL INFORMATION
fixed length control field 250104b |||||||| |||| 00| 0 eng d
020 ## - INTERNATIONAL STANDARD BOOK NUMBER
International Standard Book Number 9780670099764
041 ## - LANGUAGE CODE
Language code of text/sound track or separate title Eng
082 ## - DEWEY DECIMAL CLASSIFICATION NUMBER
Classification number 325.320 MCQ
100 ## - MAIN ENTRY--PERSONAL NAME
Author Mcquade Joseph
245 ## - TITLE STATEMENT
Title Fugitive of Empire
260 ## - PUBLICATION, DISTRIBUTION, ETC.
Place Haryana
Publisher Penguin Books
Publication Year 2023
300 ## - PHYSICAL DESCRIPTION
Extent 276; P.
650 ## - SUBJECT ADDED ENTRY--TOPICAL TERM
Subject Imperialism- History; Imperialism in Literature
942 ## - ADDED ENTRY ELEMENTS (KOHA)
Koha item type Books
Holdings
Withdrawn status Lost status Source of classification or shelving scheme Damaged status Not for loan Home library Current library Shelving location Accession Date Vendor Price Bill number Total Checkouts Total Renewals Full call number Barcode No Date last seen Date last checked out Bill Date Koha item type
    Dewey Decimal Classification     IMTN IMTN Rack 5-B 12/30/2024 Raghav Book PVT. LTD 999.00 1861 1 1 325.320 MCQ 33584 03/24/2025 01/24/2025 12/14/2024 Books
Designed & Maintained by: LRC IMT Nagpur Contact: lrc@imtnag.ac.in© 2024. All Rights Reserved.